| 000 | 02565cas a2200685 a 4500 | ||
|---|---|---|---|
| 001 | data | ||
| 005 | 20260322212118.0 | ||
| 008 | data | ||
| 010 | _asf 83008000 | ||
| 015 |
_a011166568 _2dnb |
||
| 016 | 7 |
_a011166568 _2DE-101 |
|
| 016 | 7 |
_a204009-8 _2DE-600 |
|
| 016 | 7 |
_a011148717 _2Uk |
|
| 016 | 7 |
_a2040098 _2de-600 |
|
| 019 |
_a1231181206 _a11017881 _a1064854517 _a1230958348 _a1231181206 |
||
| 022 | 0 |
_a0749-1883 _21 |
|
| 023 | 0 |
_a0749-1883 _21 |
|
| 029 | 1 |
_aAU@ _b000002879235 |
|
| 029 | 1 |
_aDEBBG _bBV008004696 |
|
| 029 | 1 |
_aHEBIS _b020922124 |
|
| 029 | 1 |
_aHEBIS _b047275405 |
|
| 029 | 1 |
_aNLGGC _b044980698 |
|
| 029 | 1 |
_aNLNZL _b9917220353502836 |
|
| 029 | 1 |
_aNZ1 _b15937567 |
|
| 029 | 1 |
_aNZ1 _b1722035 |
|
| 029 | 1 |
_aZWZ _b048680540 |
|
| 029 | 1 |
_aUKMGB _b011148717 |
|
| 029 | 1 |
_aDEHBS _bBV008004696 |
|
| 035 | _a(OCoLC)1552480 | ||
| 040 |
_aDLC _beng _cMUL _dZYU _dNYG _dDLC _dOCL _dNSD _dOCL _dNST _dLVB _dKRTAS _dOCLCQ _dHEBIS _dDEBBG _dGBVCP _dUKMGB _dOCLCF _dOCLCO _dOCLCQ _dNZ1 _dOCLCO _dOCLCQ _dOCLCL _dOCLCQ _dZYU |
||
| 042 |
_ansdp _ansdp |
||
| 050 | 0 | 0 |
_aB21 _b.C25 |
| 082 | 0 | 4 |
_a106 _bC15 _1https://id.oclc.org/worldcat/ddc/E3wQwDxbCJGv4rjkWDmqtRjmqr |
| 210 | 0 | _aUniv. Calif. publ. philos. | |
| 222 | 0 | _aUniversity of California publications in philosophy | |
| 245 | 0 | 0 |
_aUniversity of California publications. _pPhilosophy. |
| 246 | 1 | 0 | _aPhilosophy |
| 260 |
_aBerkeley [Calif.] : _bUniversity Press, _c1904. |
||
| 300 |
_a1 volume ; _c26 cm |
||
| 310 | _aIrregular | ||
| 336 |
_atext _btxt _2rdacontent |
||
| 337 |
_aunmediated _bn _2rdamedia |
||
| 338 |
_avolume _bnc _2rdacarrier |
||
| 362 | 0 | _aVol. 1. | |
| 500 | _aVol. 1 has subtitle: Studies in philosophy prepared in commemoration of the 70th birthday of Professor George Holmes Howison. | ||
| 650 | 0 | _aPhilosophy. | |
| 650 | 2 | _aPhilosophy | |
| 650 | 6 |
_aPhilosophie _vCollections. |
|
| 650 | 6 | _aPhilosophie. | |
| 650 | 7 |
_aphilosophy. _2aat |
|
| 650 | 7 |
_aPhilosophy. _2fast _0(OCoLC)fst01060777 |
|
| 655 | 7 |
_0(DE-588)4179998-7 _aMonografische Reihe _2gnd-content |
|
| 710 | 2 |
_aUniversity of California, Berkeley. _1https://id.oclc.org/worldcat/entity/E39QH7JmtdhhRVgpGjFRFYkXM6 |
|
| 776 | 0 | 8 |
_iOnline version: _tUniversity of California publications. Philosophy _w(OCoLC)776120832 |
| 785 | 0 | 0 |
_tUniversity of California publications in philosophy _x0749-1883 _w(OCoLC)8894398 _w(OCoLC)8894398 |
| 906 |
_a7 _bcbc _cserials _d3 _encip _f19 _gn-oclcserc |
||
| 938 |
_aKirtas Technologies, Inc. _bKRTS _n1039817 |
||
| 991 |
_bc-GenColl _hB21 _i.C25 _wSERIALS |
||
| 999 |
_c1796 _d1796 |
||